000 00367 a2200145 4500
040 _aDLC
_bDLC
082 _a891.43
100 _aAzad Malik.
245 _a Sufaid Pathhar
_cAzad Malik
_h[Urdu]
260 _aKarachi:
_bMedia Graphics,
_c 2003.
300 _a158 p.
_c 22 cm.
500 _a Includes Index
650 _a Urdu - literature
942 _cBK
_k 891.43 AZA
_2ddc
999 _c5133
_d5133